Firms, organizations and contracts : (Record no. 613663)

000 -LEADER
fixed length control field 01305cam a2200337 a 4500
001 - CONTROL NUMBER
control field 2128806
005 - DATE AND TIME OF LATEST TRANSACTION
control field 20250505143808.0
008 - FIXED-LENGTH DATA ELEMENTS--GENERAL INFORMATION
fixed length control field 960909s1996 enk b 000 0 eng d
010 ## - LIBRARY OF CONGRESS CONTROL NUMBER
LC control number 97100009
020 ## - INTERNATIONAL STANDARD BOOK NUMBER
International Standard Book Number 0198774354
020 ## - INTERNATIONAL STANDARD BOOK NUMBER
International Standard Book Number 0198774362 (pbk.)
035 ## - SYSTEM CONTROL NUMBER
System control number (OCoLC)35444928
040 ## - CATALOGING SOURCE
Original cataloging agency UkNcU
Transcribing agency UkNcU
Modifying agency Uk
-- IDeKN
-- DLC
042 ## - AUTHENTICATION CODE
Authentication code lccopycat
050 00 - LIBRARY OF CONGRESS CALL NUMBER
Classification number HB241
Item number .F543 1996
082 00 - DEWEY DECIMAL CLASSIFICATION NUMBER
Classification number 338.7
Author Mark FIR
245 00 - TITLE STATEMENT
Title Firms, organizations and contracts :
Remainder of title a reader in industrial organization /
Statement of responsibility, etc. edited by Peter J. Buckley, Jonathan Michie.
260 ## - PUBLICATION, DISTRIBUTION, ETC.
Place of publication, distribution, etc. Oxford ;
-- New York :
Name of publisher, distributor, etc. Oxford University Press,
Date of publication, distribution, etc. 1996.
300 ## - PHYSICAL DESCRIPTION
Extent xiii, 475 p. :
Other physical details ill. ;
Dimensions 24 cm.
440 #0 - SERIES STATEMENT/ADDED ENTRY--TITLE
Title Oxford management readers
9 (RLIN) 128835
504 ## - BIBLIOGRAPHY, ETC. NOTE
Bibliography, etc. note Includes bibliographical references.
650 #0 - SUBJECT ADDED ENTRY--TOPICAL TERM
Topical term or geographic name entry element Industrial organization.
650 #0 - SUBJECT ADDED ENTRY--TOPICAL TERM
Topical term or geographic name entry element Contracts.
9 (RLIN) 25815
700 1# - ADDED ENTRY--PERSONAL NAME
Personal name Buckley, Peter J.,
Dates associated with a name 1949-
9 (RLIN) 128836
700 1# - ADDED ENTRY--PERSONAL NAME
Personal name Michie, Jonathan.
9 (RLIN) 128837
856 42 - ELECTRONIC LOCATION AND ACCESS
Materials specified Publisher description
Uniform Resource Identifier <a href="http://www.loc.gov/catdir/enhancements/fy0606/97100009-d.html">http://www.loc.gov/catdir/enhancements/fy0606/97100009-d.html</a>
856 41 - ELECTRONIC LOCATION AND ACCESS
Materials specified Table of contents only
Uniform Resource Identifier <a href="http://www.loc.gov/catdir/enhancements/fy0606/97100009-t.html">http://www.loc.gov/catdir/enhancements/fy0606/97100009-t.html</a>
906 ## - LOCAL DATA ELEMENT F, LDF (RLIN)
a 7
b cbc
c copycat
d 2
e ncip
f 19
g y-gencatlg
942 ## - ADDED ENTRY ELEMENTS (KOHA)
Source of classification or shelving scheme
Koha item type Book
Holdings
Withdrawn status Lost status Source of classification or shelving scheme Damaged status Not for loan Permanent Location Current Location Date acquired Source of acquisition Full call number Barcode Date last seen Price effective from Koha item type
          NUST Law School (NLS) NUST Law School (NLS) 05/05/2025 Donated by Vanguard Books Pvt Limited 338.7 FIR NLSD-8 05/05/2025 05/05/2025 Book
© 2023 Central Library, National University of Sciences and Technology. All Rights Reserved.